Efemérides de la historia de Melilla (1497-1913) / (Record no. 13473)

MARC details
000 -LEADER
campo de control de longitud fija 01014nam a2200277 i 4500
001 - NÚMERO DE CONTROL
campo de control 13473
003 - IDENTIFICADOR DE NÚMERO DE CONTROL
campo de control ES-MaACL
005 - FECHA Y HORA DE LA ÚLTIMA TRANSACCIÓN
campo de control 20250828092114.0
007 - CAMPO FIJO DE DESCRIPCIÓN FÍSICA--INFORMACIÓN GENERAL
campo de control de longitud fija t|
008 - DATOS DE LONGITUD FIJA--INFORMACIÓN GENERAL
campo de control de longitud fija 980416s1996 sp |||| | spa d
020 ## - NÚMERO INTERNACIONAL ESTÁNDAR DEL LIBRO
Número Internacional Estándar del Libro 84-87291-25-2
080 ## - NÚMERO DE LA CLASIFICACIÓN DECIMAL UNIVERSAL
Número de la Clasificación Decimal Universal 946.038(059.3)
100 1# - ENTRADA PRINCIPAL--NOMBRE DE PERSONA
Nombre de persona Morales, Gabriel de.
9 (RLIN) 82986
245 10 - MENCIÓN DEL TÍTULO
Título Efemérides de la historia de Melilla (1497-1913) /
Mención de responsabilidad, etc. Gabriel de Morales ; edición de Vicente Moga Romero y Antonio Bravo Nieto.
260 ## - PUBLICACIÓN, DISTRIBUCIÓN, ETC.
Lugar de publicación, distribución, etc. Melilla :
Nombre del editor, distribuidor, etc. Servicio de Publicaciones del Centro UNED de Melilla,
Fecha de publicación, distribución, etc. D.L. 1996.
300 ## - DESCRIPCIÓN FÍSICA
Extensión 459 p. ;
Dimensiones 25 cm.
490 1# - MENCIÓN DE SERIE
Mención de serie Biblioteca Gabriel de Morales
500 ## - NOTA GENERAL
Nota general Índices.
651 #4 - PUNTO DE ACCESO ADICIONAL DE MATERIA--NOMBRE GEOGRÁFICO
Nombre geográfico Melilla-
Subdivisión general Historia.
9 (RLIN) 9051
700 1# - ENTRADA AGREGADA--NOMBRE PERSONAL
Nombre de persona Moga Romero, Vicente
9 (RLIN) 81782
700 1# - ENTRADA AGREGADA--NOMBRE PERSONAL
Nombre de persona Bravo Nieto, Antonio.
9 (RLIN) 31500
710 2# - ENTRADA AGREGADA--NOMBRE DE ENTIDAD CORPORATIVA
Nombre de entidad corporativa o nombre de jurisdicción como elemento de entrada Universidad Nacional de Educación a Distancia (España).
Unidad subordinada Centro Asociado de Melilla
9 (RLIN) 7407
830 0# - PUNTO DE ACCESO ADICIONAL DE SERIE-TÍTULO UNIFORME
Título uniforme Biblioteca Gabriel de Morales
9 (RLIN) 228421
852 ## - LOCALIZACIÓN
Ubicación ES-MaACL
Número de control de estantería L-20850
Holdings
Estatus retirado Estado de pérdida Estado de daño No para préstamo Biblioteca de origen Biblioteca actual Ubicación en estantería Fecha de adquisición Fuente de adquisición Total de préstamos Signatura topográfica completa Código de barras Visto por última vez Precio de reemplazo Tipo de ítem Koha
        Biblioteca del Ateneo de Madrid Biblioteca del Ateneo de Madrid Depósito 2 17/01/2008     L-20850 1013716 23/02/2023 23/02/2023 Libro impreso